Hogwarts Transfiguration Exam Quiz Stats

 Plays Quiz Updated Aug 3, 2016

Score 0/20 Timer 04:00
24 Plays Today
% Correct
True
94.8%
Minerva McGonagall
92.8%
Sirius Black
92.6%
Peter Pettigrew
91.7%
True
89.3%
James Potter
89.2%
Rita Skeeter
88.1%
Rat
86.2%
Cat
85.2%
Ferret
84.7%
% Correct
Dog
84.6%
Evanesco
82.3%
Vanishment
82.2%
Armchair
82%
Stag
79.8%
Shark
77.9%
Food
77.3%
Beetle
76.7%
Pig
72.4%
Bone
59.6%

You're not logged in!

Compare scores with friends on all Sporcle quizzes.
OR
Log In

Sporcle TV

Today on Sporcle TV


Watch our educational content, quiz creation guides, and fun videos on Sporcle TV.

Show Comments

Extras

Top Quizzes Today


Score Distribution

Your Account Isn't Verified!

In order to create a playlist on Sporcle, you need to verify the email address you used during registration. Go to your Sporcle Settings to finish the process.

Report this User

Report this user for behavior that violates our Community Guidelines.

Details: